000
00243nam a2200097Ia 4500
001
688233
005
20250826161611.0
008
250824s9999 xx 000 0 und d
245
0
_a
DEDE KORKUT HİKAYELERİ
_c
ANONİM
260
_b
AKVARYUM YAYINLARI
999
_c
688233
_d
688233